| 000 -LEADER |
| fixed length control field |
01104pab a2200193 454500 |
| 008 - FIXED-LENGTH DATA ELEMENTS--GENERAL INFORMATION |
| fixed length control field |
180718b2007 xxu||||| |||| 00| 0 eng d |
| 100 ## - MAIN ENTRY--PERSONAL NAME |
| Personal name |
Bellwinkel Schempp, Maren |
| 245 ## - TITLE STATEMENT |
| Title |
From Bhakti to Buddhism: Ravidas and Ambedkar |
| 260 ## - PUBLICATION, DISTRIBUTION, ETC. |
| Date of publication, distribution, etc. |
2007 |
| 300 ## - PHYSICAL DESCRIPTION |
| Extent |
p.2177-183. |
| 362 ## - DATES OF PUBLICATION AND/OR SEQUENTIAL DESIGNATION |
| Dates of publication and/or sequential designation |
9 Jun |
| 520 ## - SUMMARY, ETC. |
| Summary, etc. |
Kanpur holds special importance for the dalit movement since it was the cradle of the Adi Hindu movement in Uttar Pradesh. This movement had a strong impact on dalits, especially in the years following Ambedkar's conversion to Buddhism. This article examines how Ravidas became the most popular saint among the dalits in Kanpur and how the dalits accepted Buddhism in the 1980s. It also explains the emergence of Navayana Buddhism, which was conceptualised as the total rejection of Hinduism and was institutionalised with a temple and a Buddhist monk, a governing body of lay persons and a canon of public and private rites. - Reproduced. |
| 650 ## - SUBJECT ADDED ENTRY--TOPICAL TERM |
| Topical term or geographic name entry element |
Ambedkar, B.R. |
| 650 ## - SUBJECT ADDED ENTRY--TOPICAL TERM |
| Topical term or geographic name entry element |
Ravidas |
| 650 ## - SUBJECT ADDED ENTRY--TOPICAL TERM |
| Topical term or geographic name entry element |
Buddhism |
| 773 ## - HOST ITEM ENTRY |
| Main entry heading |
Economic and Political Weekly |
| 908 ## - PUT COMMAND PARAMETER (RLIN) |
| Put command parameter |
N |
| 909 ## - |
| -- |
74256 |